000 00802cab a2200265 4500
001 ABS47550
008 090401t1992 xxu||||| |||| 00| 0 eng d
035 _a(Sirsi) u62462
041 _aeng
100 _aLane, R.
245 _aEast Coast route catalyst
260 _c1992
350 _a0
490 _aProceedings of the Institution of Civil Engineers
_vNovember 1992, 158-165(8)
520 _aSummarises the East Coast Motorway Feasibility study. Map shows the proposed route which is sponsored by private and public sectors.
650 _aEAST COAST MOTORWAY
650 _aPRIVATE SECTOR
650 _aPUBLIC SECTOR
650 _aROAD BUILDING
690 _aTRANSPORT AND COMMUNICATIONS
700 _aEvans, D.I.
700 _aWilkes, P.F.
942 _n0
948 _c04/03/1997
999 _c38810
_d38810